| 000 | 00367nam a2200157Ia 4500 | ||
|---|---|---|---|
| 003 | OSt | ||
| 005 | 20240322152327.0 | ||
| 008 | 170523s9999 xx 000 0 und d | ||
| 020 | _anil | ||
| 040 | _cIIMT UNIVERSITY, MEERUT | ||
| 100 | _aPARKER, GLEM M | ||
| 245 | 0 | _a50 ACTIVITIES FOR DEVLOPING LEADERSHIP | |
| 260 |
_bPHI _c2004 |
||
| 300 | _a319 | ||
| 942 |
_2ddc _c02 |
||
| 999 |
_c1877 _d1877 |
||